000
00287cam a2200109ua 4500
082
_a
821
_b
CHA/OX
100
_a
Chamers, E K .
_9
1955
245
_a
Oxford Book of Sixteenth Century Verse /
260
_a
London :
_b
Oxford at the Clarendon Press ,
_c
1955.
300
_a
905 ; .
942
_c
BK
999
_c
4854
_d
4854